| 000 | 00978nam a2200205Ia 4500 | ||
|---|---|---|---|
| 008 | 0000001995 usa 0000000000eng00 | ||
| 090 | _aPUS00 A77a | ||
| 110 | 1 | _aThe Art Museum at Florida International University. Miami | |
| 245 | 1 | 0 |
_aAmerican art today _b: night paintings _c/ The Art Museum at Florida International University _c/ essay by Barbara Dayer Gallati ; curated by Dahlia Morgan |
| 300 |
_a36 p. _c/ 31 cm. |
||
| 500 | _aExposición realizada en el Art Museum at Florida International University, Miami, en EneroFebrero, 1995 \ Con el patronazgo del maestro venezolano Jesús Rafael Soto (q.e.p.d.) \ Registro auspiciado por el IDCT. Bogotá | ||
| 505 | _aPendiente | ||
| 650 | 1 | 4 | _a PINTURA ESTADOUNIDENSE |
| 650 | 1 | 4 | _aARTISTAS PLASTICOS ESTADOUNIDENSES |
| 650 | 1 | 4 | _xCATALOGOS |
| 650 | 1 | 4 | _xEXPOSICIONES |
| 650 | 1 | 4 | _aNOCHE EN LA PINTURA |
| 700 | 1 | _aMorgan, Dahlia \ Gallati, Barbara Dayer | |
| 999 |
_c4311 _d4311 |
||
| 260 |
_aMiami : The Art Museum _c1995 |
||